000 00831nam a22002057a 4500
999 _c2566
_d2566
003 AR-CdUCM
008 190304b ||||| |||| 00| 0 spa d
040 _aMUNICIPALIDAD PROVINCIAL DEL CUSCO
_cBIBLIOTECA MUNICIPAL DEL CUSCO
082 _a985.61 /
_bD31
100 _aDávila Negrón, Luís
_99073
245 _aQ`eros Herencia Inca :
_bTestimonio de expediciones Odontológicas /
260 _aLima :
_bLuís Dávila Negrón,
_c1993.
300 _a172 páginas ;
_bilustraciones, fotografías,
_c21 cm.
505 _aContenido: Ubicación geográfica de Q`eros -- Primera expedición -- Usos y costumbres -- Alimentación -- Costumbres de interés Odontológicos -- La coca y su uso ...
650 _aQeros
_99074
650 _aHistoria
_9136
650 _aCostumbres de los Andes
_99075
942 _2ddc
_cLIBROS
945 _aachl